000 00610nam a22001577a 4500
003 OSt
005 20150915104755.0
008 150915b xxu||||| |||| 00| 0 eng d
040 _cRUA
082 _aAGR POC 1999 B024 Or.1
100 _9498
_aPOCH, SONGHUOT.
245 _aStudy on varietal defferances on seed dormancy and viability of some rice varieties សិក្សាអំពីភាពខុសគ្នារបស់ពូជស្រូវទៅលើដំណុះភាព និងដំណេកភាព
260 _aPhnom Penh
_bRUA
_c1999
300 _a51p.
_bill.
_c29cm.
942 _2ddc
_cAGR
999 _c478
_d478